000 00553nam a2200193Ia 4500
005 20230317105639.0
008 131103s9999 xx 000 0 und d
020 _cRs.30.00
040 _aLoreto College
041 _aEnglish
082 _a891.44
_bRAY
245 _aSukumar Sathiyasamagra
_bPart II
_cEdited by Satyajit Ray & Partho Basu
260 _aCalcutta
_bAnanda Publishers Private LTD
_c1975
300 _aV.2
650 _aBengali literature - collections
700 _aRay, Satyajit & Basu, Partha ed.
850 _aLCLIB
942 _cBK
999 _c21170
_d71649